000 00907cab a2200265 4500
001 WB3104-18
008 090401t1995 xxu||||| |||| 00| 0 eng d
035 _a(Sirsi) u75082
041 _aeng
245 _aCliff dwellers give danger the slip
260 _c1995
350 _a0
490 _aDaily Telegraph
_v21 January 1995, 16(2)
520 _aA survey of the blighted seafront around Undercliff, on the Isle of Wight, has identified the areas of likely subsidence and provides homeowners with evidence in negotiations with insurance companies for house cover. "The Undercliff of the Isle of Wight: review of ground behaviour". Diagram.
650 _aBUILDINGS INSURANCE
650 _aCLIFFS
650 _aCOASTAL PROPERTY
650 _aEROSION
650 _aISLE OF WIGHT
650 _aLANDSLIPS
690 _aInsurance
_96249
690 _aLAND
942 _n0
948 _c04/03/1997
999 _c47303
_d47303